=LDR 00000nam 2200000 4500 =001 INLIS000000000026135 =005 20130612124607 =008 ***********************************ind** =035 ##$$0010-061300000026135 =041 ##$$a ind =082 ##$$a 959.805 =090 ##$$a 959.805, TUR k =100 ##$$a Tur, Pramudya Ananta =245 ##$$a Kronik revolusi Indonesia Bagian II (1946), Pramoedya Ananta Toer, Koesalah Soebagyo Toer, Edianti Kamil =260 ##$$a 1999 $b Jakarta =300 ##$$a xxii, 739 hlm., 21 cm =650 ##$$a Sejarah Indonesia =850 ##$$a NBPNMAT